00914cam a2200289 i 450000100090000000300040000900500170001300800410003001000170007102000180008802000290010602000260013504000280016104200080018905000210019708200180021810000310023624500880026725000190035526400440037430000490041833600260046733700280049333800270052150400530054865000230060118811020OSt20230929112909.0151007s2017 maua b 001 0 eng  a 2015954307 a9789353502522 a9781305657960 (hardback) a1305657969 (hardback) aDLCbengerdacDLCdDLC apcc00aQA162b.G34 201700a512.02bGAL/C aGallian, Joseph Aeauthor.10aContemporary abstract algebra /cJoseph A. Gallian, University of Minnesota Duluth. aNinth edition. 1aBoston, MA :bCengage Learning,c[2017] axvi, 557, 43 pages :billustrations ;c24 cm atextbtxt2rdacontent aunmediatedbn2rdamedia avolumebnc2rdacarrier aIncludes bibliographical references and indexes. 0aAlgebra, Abstract.